The Awakened Brain: (Record no. 1895)

000 -LEADER
fixed length control field 02221nam a2200289 i 4500
001 - CONTROL NUMBER
control field 21802920
003 - CONTROL NUMBER IDENTIFIER
control field OSt
005 - DATE AND TIME OF LATEST TRANSACTION
control field 20260331161652.0
008 - FIXED-LENGTH DATA ELEMENTS--GENERAL INFORMATION
fixed length control field 201112t20222021nyu 001 0 eng d
020 ## - INTERNATIONAL STANDARD BOOK NUMBER
International Standard Book Number 9780141991030
Qualifying information paperback
040 ## - CATALOGING SOURCE
Original cataloging agency DLC
Language of cataloging eng
Transcribing agency DLC
Description conventions rda
Modifying agency DLC
-- uoc
082 04 - DEWEY DECIMAL CLASSIFICATION NUMBER
Classification number 153
Edition number 23
Item number LTS
100 1# - MAIN ENTRY--PERSONAL NAME
Personal name Miller, Lisa
Relator term author.
245 14 - TITLE STATEMENT
Title The Awakened Brain:
Remainder of title the Psychology of Spirituality /
Statement of responsibility, etc. Lisa Miller.
264 #1 - PRODUCTION, PUBLICATION, DISTRIBUTION, MANUFACTURE, AND COPYRIGHT NOTICE
Place of production, publication, distribution, manufacture Great Britain:
Name of producer, publisher, distributor, manufacturer Penguin books,
Date of production, publication, distribution, manufacture, or copyright notice 2022.
264 #4 - PRODUCTION, PUBLICATION, DISTRIBUTION, MANUFACTURE, AND COPYRIGHT NOTICE
Date of production, publication, distribution, manufacture, or copyright notice © Lisa Miller,2021.
300 ## - PHYSICAL DESCRIPTION
Extent x, 276 pages;
Dimensions 20 cm.
336 ## - CONTENT TYPE
Content type term text
Content type code txt
Source rdacontent
337 ## - MEDIA TYPE
Media type term unmediated
Media type code n
Source rdamedia
338 ## - CARRIER TYPE
Carrier type term volume
Carrier type code nc
Source rdacarrier
504 ## - BIBLIOGRAPHY, ETC. NOTE
Bibliography, etc. note Includes index.
520 ## - SUMMARY, ETC.
Summary, etc. "Spirituality is the birthright of every human on earth. Whether it's saying a prayer or doing a meditation, whether you walk in nature or read inspirational books, there are many ways to tap into a heightened awareness. No matter what age you're at or what walk of life, you can start your spiritual quest at any time, and in The Awakened Brain psychologist Dr. Lisa Miller shows you how. Based on groundbreaking findings and years of clinical study, The Awakened Brain reveals how humans are not only universally equipped with the capacity to tap into spiritual awareness, but that people with a positive, active relationship to spirituality are 40% less likely to use and abuse substances, 60% less likely to be depressed, and more likely to have a significantly increased sense of meaning and purpose, in addition to higher levels of academic success. Combining cutting-edge research with on the ground application by people from all walks of life from students and doctors to veterans, monks, and parents, Dr. Miller has discovered that: there's a biological clock on spiritual awakening that starts in adolescence genetic variability accounts for 25% of the difference in people's inclination toward spiritual seeking a woman who recovers from depression with spirituality gives off the same brain waves as if she had recovered by using Prozac"--
Assigning source Provided by publisher.
650 #0 - SUBJECT ADDED ENTRY--TOPICAL TERM
Topical term or geographic name entry element Awareness.
9 (RLIN) 4057
650 #0 - SUBJECT ADDED ENTRY--TOPICAL TERM
Topical term or geographic name entry element Self-actualization (Psychology)
650 #0 - SUBJECT ADDED ENTRY--TOPICAL TERM
Topical term or geographic name entry element Spirituality.
9 (RLIN) 4368
942 ## - ADDED ENTRY ELEMENTS (KOHA)
Source of classification or shelving scheme
Koha item type Book
Holdings
Withdrawn status Lost status Source of classification or shelving scheme Damaged status Not for loan Permanent location Current location Date acquired Total Checkouts Full call number Barcode Date last seen Price effective from Koha item type
          UofCanada Library UofCanada Library 03/31/2026   153 LTS/NB 00002772 03/31/2026 03/31/2026 NB-Book
          UofCanada Library UofCanada Library 03/31/2026   153 LTS 00002773 03/31/2026 03/31/2026 Book